000 00898nam a2200253 i 4500
001 32048
003 ES-MaACL
005 20250901054729.0
007 t|
008 021129s2002 sp ||||1| spa d
020 _a84-7658-618-3
080 _a141.72
100 1 _aCirillo, Lidia.
_938895
245 1 0 _aMejor huérfanas
_b: por una crítica feminista al pensamiento de la diferencia /
_cLidia Cirillo ; prólogo de Luisa Posada Kubissa.
250 _a1ª ed. en Anthropos Editorial.
260 _aRubí (Barcelona) :
_bAnthropos,
_c2002.
300 _aXVII, 163 p. ;
_c20 cm.
490 1 _aPensamiento crítico/pensamiento utópico ;
_v121
650 1 7 _aTeoría feminista
_2embne
_917476
700 1 _aPosada Kubissa, Luisa.
_993331
830 0 _aPensamiento crítico/pensamiento utópico ;
_v121
_9177290
852 _aES-MaACL
_jL-26088
_bR.131903
999 _c32048
_d32048